| 000 | 00884nam0a22002771 4500 | ||
|---|---|---|---|
| 001 | v19\rc\1879161 | ||
| 005 | 20260407121950.0 | ||
| 035 | _a(NLR Aleph) 004968833 | ||
| 090 |
_a6062756 _c6062756 |
||
| 100 | _a20080221d1910 u y0rusy50 ca | ||
| 101 | 0 | _arus | |
| 102 | _aRU | ||
| 105 | _ay z ||||| | ||
| 200 | 1 |
_aНаставление для ведения боя пехотой _eПроект |
|
| 210 |
_aСанкт-Петербург _cВ. Березовский _d1910 |
||
| 215 |
_aIV, 72 с. _d15 |
||
| 740 | 1 |
_aРоссия _tВоенные уставы и наставления _3RU\NLR\AUTH\889957977 _9412039 |
|
| 801 | 0 |
_aRU _bNLR _gpsbo |
|
| 801 | 0 |
_aRU _bRuMoRGB _2psbo |
|
| 801 | 1 |
_aRU _bProSoft-M _2rusmarc |
|
| 852 |
_aNLR _j20.103.8.345 |
||
| 899 |
_aRuMoRGB _jU 84/390 |
||
| 899 |
_aRuMoRGB _jU 212/1166 |
||
| 899 |
_aRuMoRGB _jΔ 420/214 |
||
| 942 | _cBOOK | ||
| 980 | _aNB | ||